000 00355pab a2200145 454500
008 180718b1995 xxu||||| |||| 00| 0 eng d
100 _aJagmohan
245 _aMenace of solid waste
_bthe need for a new law.
260 _c1995
300 _ap.8
362 _a6 Sep
650 _aRefuse and Refuse disposal - India
773 _aTribune
909 _a29843
999 _c29843
_d29843